000 00511nam a2200133Ia 4500
005 20260209120153.0
008 260209s9999||||xx |||||||||||||| ||und||
100 _aSanthoshsivan S
245 0 _aComparative analysis of whistleblowing mechanism and whistleblower protection in corporate governance
260 _aBangaloreBangalore
_bNLSIU, Bangalore
_c2024 - 2025
300 _a43 p. ; 25 cm.
700 _aMr. Manish - SupervisorMr. Manish - Supervisor
856 _uhttps://dans.nls.ac.in/handle/123456789/2497
999 _c217789
_d217789